Jacob Tremblay - Roles by Picture - Statistics

General Stats
  • This quiz has been taken 22 times
  • The average score is 6 of 20
Answer Stats
Picture Answer % Correct
Robin
75%
August 'Auggie' Pullman
63%
Luca Paguro
63%
Pete the Cat
56%
Blue
44%
Jack Newsome
44%
Max Newman
31%
Wes Firth
31%
Cody Morgan
25%
Peter Carpenter
25%
Bradley Trevor
19%
Connor
19%
Riley Stanwyck
19%
Rory McKenna
19%
Rupert Turner
19%
Sam
19%
Tom Patterson
19%
Oliver Foley
13%
Treehouse Boy
6%
Young Tandy
6%
No matching quizzes found
Score Distribution
Percent of People with Each Score
Percentile by Number Answered
Your Score History
You have not taken this quiz